Normal view
MARC view
- تأليف فراي،نورثرب ؛ ترجمة محمد عصفور
Entry Personal Name
001 - CONTROL NUMBER
- control field: 23855
003 - CONTROL NUMBER IDENTIFIER
- control field: JO-AjAnu
005 - DATE AND TIME OF LATEST TRANSACTION
- control field: 20230606074110.0
008 - FIXED-LENGTH DATA ELEMENTS
- fixed length control field: 230606|| aca||aabn | a|a d
040 ## - CATALOGING SOURCE
- Original cataloging agency: JO-AjAnu
- Transcribing agency: JO-AjAnu
100 ## - HEADING--PERSONAL NAME
- Personal name: تأليف فراي،نورثرب ؛ ترجمة محمد عصفور
670 ## - SOURCE DATA FOUND
- Source citation: Work cat.: (JO-AjAnu)12265: تأليف فراي،نورثرب ؛ ترجمة محمد عصفور, author, في العبور الحضاري لكتاب تشريح النقد: مقدمة جدلية